000 00339nam a2200145Ia 4500
008 150301s2015 xx 000 0 und d
082 _a6123.015
_bB15R
100 _aRAJE, V.N
245 _aBIOCHEMISTRY AND CLINICAL PHYSIOLOGY
250 _a2ND
260 _bCBS- DELHI
300 _a168
650 _aBIOCHEMISTRY
942 _2ddc
_cBK
_06
999 _c7264
_d7264